000 00279nam a22001097a 4500
008 240713b |||||||| |||| 00| 0 eng d
100 _aJaswandnath, Nageli
_917009
245 _aAdwitabla Avidya
260 _aDarbanga:
_bMithala vidhyapith;
_c1962.
300 _a243p.
942 _cBK
999 _c39132
_d39132